000 00482nam a2200157 i 4500
001 73986
003 ES-MaACL
005 20230906171958.0
007 t|
008 040914s1978 sp ||||1| spa d
100 1 _aGonzález Bernaldo de Quirós, J.
_958455
245 1 0 _aIngeniería electrónica /
_cJ. González Bernaldo de Quirós.
260 _aMadrid :
_bParaninfo ;
_aZaragoza :
_bCometa,
_c1978.
300 _a464 p. :
_bil. ;
_c22 cm.
852 _aES-MaACL
_jA-8431
_bR.97067
999 _c73986
_d73986